Atti e documenti del IX Capitolo Provinciale (Record n. 98270)
[ formato base ]
| 000 -LEADER | |
|---|---|
| fixed length control field | 00918nam a22001697a 4500 |
| 003 - CONTROL NUMBER IDENTIFIER | |
| control field | IT-RoPau |
| 005 - DATE AND TIME OF LATEST TRANSACTION | |
| control field | 20220918181102.0 |
| 008 - FIXED-LENGTH DATA ELEMENTS--GENERAL INFORMATION | |
| fixed length control field | 130323b xxu||||| |||| 00| 0 eng d |
| 040 ## - CATALOGING SOURCE | |
| Transcribing agency | IT-RoPau |
| 100 ## - MAIN ENTRY--PERSONAL NAME | |
| Personal name | IX Capitolo Provinciale |
| 9 (RLIN) | 492 |
| 245 ## - TITLE STATEMENT | |
| Title | Atti e documenti del IX Capitolo Provinciale |
| 250 ## - EDITION STATEMENT | |
| Edition statement | 1° ed |
| 260 ## - PUBLICATION, DISTRIBUTION, ETC. (IMPRINT) | |
| Place of publication, distribution, etc. | Ariccia (Roma) |
| Name of publisher, distributor, etc. | SSP Provincia Italia |
| Date of publication, distribution, etc. | 1994 |
| 300 ## - PHYSICAL DESCRIPTION | |
| Extent | 102 pp. |
| Dimensions | 21 cm |
| 518 ## - DATE/TIME AND PLACE OF AN EVENT NOTE | |
| Date/time and place of an event note | Indice<br/><br/>Presentazione del Superiore provinciale<br/>Elenco Partecipanti<br/>Relazione Provincia Italia 1990-1994 del Sup. prov. uscente<br/>Lettera ai Fratelli della Provincia Italia del Sup. gen.<br/>Omelia di apertura del IX Cap. prov. - Sup. gen.<br/>Linee programmatiche del Sup. prov.<br/>Membri dei gruppi di lavoro<br/>Elaborati dei gruppi<br/>Testo finale del documento programmatico approvato dal Capitolo<br/>Verbale di elezione dei consiglieri prov.<br/>Omelia di chiusura del IX Cap. prov. - Sup. prov. |
| 942 ## - ADDED ENTRY ELEMENTS (KOHA) | |
| Source of classification or shelving scheme | Dewey Decimal Classification |
| Koha item type | LIBRO |
| Withdrawn status | Lost status | Source of classification or shelving scheme | Damaged status | Not for loan | Home library | Current library | Date acquired | Total Checkouts | Full call number | Date last seen | Price effective from | Koha item type |
|---|---|---|---|---|---|---|---|---|---|---|---|---|
| Dewey Decimal Classification | Buone Condizioni | Not For Loan | PAULUS-BIBLIOTECA | PAULUS-BIBLIOTECA | 23/03/2013 | P C4 | 23/03/2013 | 23/03/2013 | LIBRO | |||
| Dewey Decimal Classification | Buone Condizioni | Not For Loan | PAULUS-BIBLIOTECA | PAULUS-BIBLIOTECA | 23/03/2013 | P C4 | 23/03/2013 | 23/03/2013 | LIBRO | |||
| Dewey Decimal Classification | Buone Condizioni | Not For Loan | PAULUS-BIBLIOTECA | PAULUS-BIBLIOTECA | 23/03/2013 | P C4 | 23/03/2013 | 23/03/2013 | LIBRO | |||
| Dewey Decimal Classification | Buone Condizioni | Not For Loan | PAULUS-BIBLIOTECA | PAULUS-BIBLIOTECA | 23/03/2013 | P C4 | 23/03/2013 | 23/03/2013 | LIBRO |